Statistiques concernant Les pays où la liberté de la presse est la plus bafouée

Cliquez ici pour prendre le quiz!

Statistiques générales

  • Ce quiz a été pris 158 fois
  • Le résultat moyen est 11 sur 20

Statistiques - réponses

ScorePays% Correct
83,76Corée du Nord
92%
80,96Chine
88%
66,52Iran
84%
81,35Syrie
82%
59,72Arabie saoudite
76%
65,35Somalie
66%
67,07Yémen
63%
72,53Soudan
62%
57,89Libye
60%
70,23Cuba
54%
83,92Erythrée
51%
83,44Turkménistan
46%
61,15Ouzbékistan
43%
74,27Vietnam
41%
54,86Bahreïn
38%
71,58Laos
36%
57,89Azerbaïdjan
31%
70,90Djibouti
27%
54,61Rwanda
24%
66,47Guinée équatoriale
13%

Distribution des résultats

Percentile par nombre de réponses

% des personnes avec chaque résultat

Votre développement - résultats

Vous n’avez pas pris ce quiz